[Event "Muensterland Verbandsklasse 1617"]
[Site "Germany"]
[Date "2017.02.11"]
[Round "6.7"]
[White "Wilde, Juergen"]
[Black "Elmenhorst, Bernd"]
[Result "1-0"]
[WhiteElo "1649"]
[BlackElo "1535"]
[PlyCount "47"]
[EventDate "2016.09.24"]
[EventType "team"]
[EventRounds "9"]
[EventCountry "GER"]
[SourceTitle "EXT 2018"]
[Source "ChessBase"]
[SourceDate "2017.10.13"]
[SourceVersion "1"]
[SourceVersionDate "2017.10.13"]
[SourceQuality "1"]
[WhiteTeam "Rheine Klein Berlin II"]
[BlackTeam "Sendenhorst"]
[WhiteTeamCountry "GER"]
[BlackTeamCountry "GER"]

1. e4 g6 2. f4 d6 3. Nf3 Bg7 4. Bc4 h6 5. Nc3 Nd7 6. d3 Ngf6 7. 0-0 e5 8. fxe5 Nxe5 9. Nxe5 dxe5 10. Qe1 c6 11. Qg3 Qe7 12. a3 Nh5 13. Bxf7+ Qxf7 14. Rxf7 Nxg3 15. Rxg7 Nh5 16. Rxg6 Ke7 17. Rxh6 Rxh6 18. Bxh6 Be6 19. Rf1 Rg8 20. Rf2 Nf6 21. Bd2 Ng4 22. Rf3 Nf6 23. h3 Nh5 24. Kh2 1-0

[Event "Muensterland Verbandsklasse 1617"]
[Site "Germany"]
[Date "2016.09.24"]
[Round "1.6"]
[White "Glotzbach, Thomas"]
[Black "Wilde, Juergen"]
[Result "1-0"]
[WhiteElo "1735"]
[BlackElo "1649"]
[PlyCount "101"]
[EventDate "2016.09.24"]
[EventType "team"]
[EventRounds "9"]
[EventCountry "GER"]
[SourceTitle "EXT 2018"]
[Source "ChessBase"]
[SourceDate "2017.10.13"]
[SourceVersion "1"]
[SourceVersionDate "2017.10.13"]
[SourceQuality "1"]
[WhiteTeam "Muenster Indische Dame"]
[BlackTeam "Rheine Klein Berlin II"]
[WhiteTeamCountry "GER"]
[BlackTeamCountry "GER"]

1. e4 c5 2. c3 Qa5 3. Na3 Nc6 4. Nf3 d6 5. Be2 Nf6 6. d3 b5 7. 0-0 Bg4 8. Bd2 a6 9. h3 Bh5 10. Nc2 e6 11. b3 Be7 12. g4 Bg6 13. Nh2 h5 14. g5 Nd7 15. f4 f5 16. exf5 Bxf5 17. Bxh5+ g6 18. Bg4 Rxh3 19. Bxh3 Bxh3 20. Qf3 Bxf1 21. Qxc6 Rd8 22. Nxf1 Kf7 23. a4 b4 24. c4 Nb8 25. Qh1 Rg8 26. Re1 Qc7 27. Rxe6 Qc6 28. Qe4 Qxe4 29. Rxe4 Nc6 30. Nfe3 Bf8 31. d4 Na5 32. Na1 Bg7 33. Nec2 Rh8 34. Kg2 Rh4 35. Be1 Rh8 36. d5 Re8 37. Kf3 Nb7 38. Bg3 Rh8 39. Re1 Bc3 40. Rb1 Na5 41. Kg4 Re8 42. Kf3 Ke7 43. Rh1 Kd7 44. Rh7+ Re7 45. Rxe7+ Kxe7 46. Kg4 Nb7 47. f5 gxf5+ 48. Kxf5 Nd8 49. Bh4 Kf8 50. g6 Nb7 51. Bf6 1-0

[Event "Muensterland Verbandsklasse 1516"]
[Site "Germany"]
[Date "2016.03.12"]
[Round "7.7"]
[White "Droste, Laurenz"]
[Black "Wilde, Juergen"]
[Result "1/2-1/2"]
[WhiteElo "1612"]
[BlackElo "1619"]
[PlyCount "82"]
[EventDate "2015.09.19"]
[EventType "team"]
[EventRounds "9"]
[EventCountry "GER"]
[SourceTitle "EXT 2017"]
[Source "ChessBase"]
[SourceDate "2016.10.25"]
[SourceVersion "1"]
[SourceVersionDate "2016.10.25"]
[SourceQuality "1"]
[WhiteTeam "Raesfeld Erle II"]
[BlackTeam "Rheine Klein Berlin II"]
[WhiteTeamCountry "GER"]
[BlackTeamCountry "GER"]

1. f4 d5 2. e3 Nf6 3. b3 Nc6 4. Bb2 Bg4 5. Be2 Bf5 6. Nf3 e6 7. Nc3 h6 8. 0-0 Bc5 9. Bb5 0-0 10. Bxc6 bxc6 11. Ne5 Qe8 12. Ne2 Ng4 13. Nxg4 Bxg4 14. Qe1 Bf5 15. Qg3 f6 16. d3 Qg6 17. d4 Bd6 18. c3 Bd3 19. Rf2 Qh5 20. Re1 Rae8 21. Qf3 Bxe2 22. Qxe2 Qxe2 23. Rexe2 f5 24. Rc2 Kf7 25. c4 g5 26. g3 Rg8 27. a3 h5 28. Rg2 Rb8 29. b4 a6 30. cxd5 cxd5 31. Rc6 gxf4 32. exf4 Ra8 33. Bc1 Ra7 34. Re2 h4 35. Kg2 hxg3 36. hxg3 Rh8 37. Rcc2 Raa8 38. Re1 Rh6 39. Rh1 Rxh1 40. Kxh1 Rh8+ 41. Kg2 Ke7 1/2-1/2

[Event "Muensterland Verbandsklasse-B 1213"]
[Site "Germany"]
[Date "2012.10.20"]
[Round "2.6"]
[White "Wilde, Juergen"]
[Black "Robers, Frank"]
[Result "1/2-1/2"]
[WhiteElo "1624"]
[BlackElo "1638"]
[PlyCount "54"]
[EventDate "2012.09.15"]
[EventType "team-tourn"]
[EventRounds "9"]
[EventCountry "GER"]
[SourceTitle "EXT 2015"]
[Source "ChessBase"]
[SourceDate "2014.11.20"]
[SourceVersion "1"]
[SourceVersionDate "2014.11.20"]
[SourceQuality "1"]
[WhiteTeam "Rheine Klein Berlin II"]
[BlackTeam "Gescher"]
[WhiteTeamCountry "GER"]
[BlackTeamCountry "GER"]

1. e4 c5 2. Nc3 Nc6 3. f4 e6 4. Nf3 a6 5. a4 Be7 6. Bc4 Qc7 7. d3 d6 8. 0-0 Nf6 9. h3 Bd7 10. Qe1 Nd4 11. Nxd4 cxd4 12. Nd1 Bc6 13. f5 e5 14. Bd2 Bxe4 15. Bxf7+ Kxf7 16. dxe4 Qxc2 17. Nf2 Qb3 18. g4 h6 19. Qe2 Rac8 20. Nd3 b5 21. axb5 Qxb5 22. Rxa6 Qb7 23. Nf2 Rc2 24. Rfa1 Qxb2 25. R6a2 Qb3 26. Ra3 Qb2 27. R3a2 Qb3 1/2-1/2

[Event "Muensterland Verbandsklasse-B 1112"]
[Site "Germany"]
[Date "2011.09.17"]
[Round "1.7"]
[White "Raus, Michael"]
[Black "Wilde, Juergen"]
[Result "1-0"]
[WhiteElo "1734"]
[BlackElo "1614"]
[PlyCount "81"]
[EventDate "2011.09.17"]
[EventType "team-tourn"]
[EventRounds "9"]
[EventCountry "GER"]
[SourceTitle "EXT 2013"]
[Source "ChessBase"]
[SourceDate "2012.11.22"]
[SourceVersion "1"]
[SourceVersionDate "2012.11.22"]
[SourceQuality "1"]
[WhiteTeam "Steinfurt"]
[BlackTeam "Rheine Klein Berlin II"]
[WhiteTeamCountry "GER"]
[BlackTeamCountry "GER"]

1. e4 c5 2. Nc3 Nc6 3. d3 e6 4. f4 d5 5. Nf3 f5 6. exd5 exd5 7. Qe2+ Be7 8. g3 Nf6 9. Bg2 0-0 10. 0-0 Re8 11. h3 Bd6 12. Qf2 d4 13. Nb5 h6 14. Nxd6 Qxd6 15. a3 Bd7 16. Bd2 Re7 17. Rae1 Rae8 18. Ne5 Nd5 19. Bxd5+ Qxd5 20. Nxd7 Qxd7 21. Rxe7 Rxe7 22. Re1 Rxe1+ 23. Qxe1 Qe7 24. Qxe7 Nxe7 25. Kf2 Kf7 26. c3 g6 27. c4 Ke6 28. b4 b6 29. g4 Nc6 30. bxc5 bxc5 31. Kg3 a6 32. Kf3 Kf6 33. Kg3 Ke6 34. Kf3 a5 35. Kg3 Nb4 36. axb4 cxb4 37. Kf3 b3 38. Bc1 Kd6 39. Ba3+ Kc6 40. gxf5 gxf5 41. Kg3 1-0

[Event "Muensterland Verbandsklasse-B 1011"]
[Site "Germany"]
[Date "2010.11.13"]
[Round "3.8"]
[White "Keller, Hansjuergen"]
[Black "Wilde, Juergen"]
[Result "1/2-1/2"]
[WhiteElo "1606"]
[BlackElo "1629"]
[PlyCount "32"]
[EventDate "2010.09.18"]
[EventType "team-tourn"]
[EventRounds "9"]
[EventCountry "GER"]
[SourceTitle "EXT 2012"]
[Source "ChessBase"]
[SourceDate "2011.11.24"]
[SourceVersion "1"]
[SourceVersionDate "2011.11.24"]
[SourceQuality "1"]
[WhiteTeam "Nordwalde"]
[BlackTeam "Rheine Klein Berlin II"]
[WhiteTeamCountry "GER"]
[BlackTeamCountry "GER"]

1. d4 d5 2. Nf3 Bf5 3. Bf4 c6 4. c3 Nf6 5. e3 e6 6. Qb3 Qb6 7. Nbd2 Nbd7 8. Be2 h6 9. h3 c5 10. dxc5 Bxc5 11. Qxb6 Bxb6 12. Ne5 0-0 13. 0-0 Nxe5 14. Bxe5 Nd7 15. Bd4 Bxd4 16. cxd4 Rac8 1/2-1/2

[Event "Steinfurt Bezirk-ch"]
[Site "Rheine"]
[Date "2008.11.17"]
[Round "3"]
[White "Wilde, Juergen"]
[Black "Altenaehr, Johannes"]
[Result "1-0"]
[WhiteElo "1616"]
[BlackElo "1450"]
[PlyCount "105"]
[EventDate "2008.10.20"]
[EventType "swiss"]
[EventRounds "7"]
[EventCountry "GER"]
[SourceTitle "EXT 2010"]
[Source "ChessBase"]
[SourceDate "2010.11.25"]
[SourceVersion "1"]
[SourceVersionDate "2010.11.25"]
[SourceQuality "1"]

1. e4 g6 2. Nc3 Bg7 3. f4 Nc6 4. Nf3 d6 5. Bc4 f5 6. Ng5 Nh6 7. a3 fxe4 8. 0-0 Bg4 9. Qe1 Nd4 10. Qxe4 Bf5 11. Qxb7 Rb8 12. Qxa7 Nxc2 13. Qa4+ Qd7 14. Qxd7+ Kxd7 15. Ra2 Bd4+ 16. Kh1 Ng4 17. h3 Nf2+ 18. Kh2 e5 19. Nf7 Rhf8 20. fxe5 dxe5 21. Ne2 Nd3 22. Nxd4 Nxd4 23. b4 Be6 24. Bxd3 Bxa2 25. Nxe5+ Kd6 26. Nf3 Nxf3+ 27. gxf3 Bd5 28. Kg3 Rf7 29. Bb2 c5 30. bxc5+ Kxc5 31. Bc3 Rb3 32. a4 Bc6 33. a5 Bb5 34. Bxb5 Kxb5 35. Ra1 Ka6 36. Re1 Kb5 37. h4 Kc6 38. f4 Ra7 39. Kg4 Rb5 40. Re6+ Kd7 41. Re4 h5+ 42. Kf3 Rb3 43. Re5 Rb1 44. Kg2 Ra6 45. f5 Rb8 46. Rd5+ Ke7 47. f6+ Rxf6 48. Bxf6+ Kxf6 49. a6 Ke6 50. Ra5 Ra8 51. Kf3 Rf8+ 52. Ke4 Ra8 53. a7 1-0

[Event "Steinfurt Bezirksliga 0708"]
[Site "Germany"]
[Date "2008.03.15"]
[Round "7.3"]
[White "Wilde, Juergen"]
[Black "Bartsch, Rainer"]
[Result "1/2-1/2"]
[WhiteElo "1597"]
[BlackElo "1964"]
[PlyCount "118"]
[EventDate "2007.09.22"]
[EventType "team-tourn"]
[EventRounds "9"]
[EventCountry "GER"]
[SourceTitle "EXT 2009"]
[Source "ChessBase"]
[SourceDate "2008.11.26"]
[SourceVersion "1"]
[SourceVersionDate "2008.11.26"]
[SourceQuality "1"]
[WhiteTeam "Rheine Klein Berlin II"]
[BlackTeam "Saerbeck II"]
[WhiteTeamCountry "GER"]
[BlackTeamCountry "GER"]

1. e4 d6 2. f4 g6 3. Nf3 Bg7 4. Bc4 Nf6 5. Nc3 c6 6. a4 0-0 7. Bb3 a5 8. 0-0 e5 9. fxe5 dxe5 10. d3 Nbd7 11. Kh1 Qc7 12. Be3 Qd6 13. Qe1 Nc5 14. Bxc5 Qxc5 15. Qh4 h6 16. Qg3 Nh5 17. Qxg6 Nf4 18. Qg3 Be6 19. Bxe6 Nxe6 20. Nh4 Qe7 21. Nf5 Qg5 22. Qf2 Nd4 23. g4 Ne6 24. h4 Qxg4 25. Rg1 Qh3+ 26. Qh2 Qxh2+ 27. Kxh2 Kh7 28. Rg3 Bf6 29. Rag1 Rg8 30. Rxg8 Rxg8 31. Rxg8 Kxg8 32. Nxh6+ Kg7 33. Nf5+ Kg6 34. Ne2 Kh5 35. Kh3 Nd8 36. Neg3+ Kg6 37. Kg4 Kh7 38. Nd6 Be7 39. Ngf5 Bxd6 40. Nxd6 Kg6 41. h5+ Kf6 42. h6 Kg6 43. h7 Kxh7 44. Kf5 Kg7 45. Kxe5 Kg6 46. Ne8 Ne6 47. Kd6 Nd4 48. c3 Nb3 49. d4 f5 50. exf5+ Kxf5 51. Kc7 Ke6 52. Kxb7 c5 53. Nc7+ Kd6 54. d5 c4 55. Kb6 Nc1 56. Nb5+ Kxd5 57. Kxa5 Kc5 58. Nd4 Nd3 59. Ne6+ Kc6 1/2-1/2

[Event "Steinfurt Bezirksliga 0607"]
[Site "Germany"]
[Date "2007.03.31"]
[Round "8.5"]
[White "Gildehaus, Simon"]
[Black "Wilde, Juergen"]
[Result "1/2-1/2"]
[WhiteElo "1517"]
[BlackElo "1520"]
[PlyCount "80"]
[EventDate "2006.09.09"]
[EventType "team-tourn"]
[EventRounds "9"]
[EventCountry "GER"]
[SourceTitle "EXT 2008"]
[Source "ChessBase"]
[SourceDate "2007.11.25"]
[SourceVersion "1"]
[SourceVersionDate "2007.11.25"]
[SourceQuality "1"]
[WhiteTeam "Saerbeck II"]
[BlackTeam "Rheine Klein Berlin II"]
[WhiteTeamCountry "GER"]
[BlackTeamCountry "GER"]

1. e4 c5 2. Nc3 Nc6 3. f4 d6 4. Nf3 g6 5. Bc4 Bg7 6. d3 Nf6 7. 0-0 Bg4 8. h3 Bxf3 9. Rxf3 0-0 10. Rf2 Na5 11. f5 Nxc4 12. dxc4 Nd7 13. Ne2 Ne5 14. fxg6 hxg6 15. c3 Nxc4 16. Nf4 b5 17. Qe2 a6 18. g3 Qd7 19. h4 Ne5 20. Nd5 Rae8 21. Bf4 Ng4 22. Rff1 Nf6 23. Rad1 Nxd5 24. Rxd5 Qe6 25. Qf3 b4 26. h5 f5 27. hxg6 Qxg6 28. Qe3 e5 29. Bg5 f4 30. gxf4 exf4 31. Rxf4 Rxf4 32. Qxf4 Be5 33. Qg4 bxc3 34. bxc3 Rf8 35. Rd2 Bxc3 36. Rxd6 Bd4+ 37. Kg2 Rf2+ 38. Kh1 Rh2+ 39. Kxh2 Be5+ 40. Kg2 Bxd6 1/2-1/2

[Event "Steinfurt Bezirksliga 0607"]
[Site "Germany"]
[Date "2007.01.13"]
[Round "5.5"]
[White "Wilde, Juergen"]
[Black "Hillen, Thomas"]
[Result "1-0"]
[WhiteElo "1520"]
[BlackElo "1497"]
[PlyCount "23"]
[EventDate "2006.09.09"]
[EventType "team-tourn"]
[EventRounds "9"]
[EventCountry "GER"]
[SourceTitle "EXT 2008"]
[Source "ChessBase"]
[SourceDate "2007.11.25"]
[SourceVersion "1"]
[SourceVersionDate "2007.11.25"]
[SourceQuality "1"]
[WhiteTeam "Rheine Klein Berlin II"]
[BlackTeam "Emsdetten Rochade II"]
[WhiteTeamCountry "GER"]
[BlackTeamCountry "GER"]

1. e4 c6 2. d4 d5 3. exd5 cxd5 4. Bd3 Nc6 5. Ne2 Qb6 6. 0-0 Nxd4 7. Nxd4 g6 8. Bb5+ Bd7 9. Bxd7+ Kxd7 10. Nc3 e6 11. Rb1 Bg7 12. Be3 1-0

[Event "Steinfurt Bezirksliga 0607"]
[Site "Germany"]
[Date "2006.12.02"]
[Round "4.5"]
[White "Wilde, Juergen"]
[Black "Noering, Andreas"]
[Result "1/2-1/2"]
[WhiteElo "1520"]
[BlackElo "1801"]
[PlyCount "48"]
[EventDate "2006.09.09"]
[EventType "team-tourn"]
[EventRounds "9"]
[EventCountry "GER"]
[SourceTitle "EXT 2008"]
[Source "ChessBase"]
[SourceDate "2007.11.25"]
[SourceVersion "1"]
[SourceVersionDate "2007.11.25"]
[SourceQuality "1"]
[WhiteTeam "Rheine Klein Berlin II"]
[BlackTeam "Emsdetten Rochade"]
[WhiteTeamCountry "GER"]
[BlackTeamCountry "GER"]

1. e4 c5 2. Nf3 d6 3. Bb5+ Bd7 4. Bxd7+ Nxd7 5. d4 cxd4 6. Qxd4 Ngf6 7. 0-0 g6 8. Bg5 Bg7 9. Nc3 Qb6 10. Qd2 Rc8 11. Rfe1 0-0 12. Rab1 Rfe8 13. Nd5 Qc5 14. c3 e6 15. Nxf6+ Nxf6 16. Qf4 Nd7 17. Rbd1 Ne5 18. Bf6 Nxf3+ 19. Qxf3 Bxf6 20. Qxf6 Rcd8 21. Rd2 Rd7 22. Red1 Red8 23. e5 d5 24. Rd4 Qe7 1/2-1/2

[Event "Steinfurt Bezirksliga 0506"]
[Site "Germany"]
[Date "2006.04.29"]
[Round "9.3"]
[White "Hedwig, Johannes"]
[Black "Wilde, Juergen"]
[Result "1/2-1/2"]
[WhiteElo "1561"]
[BlackElo "1520"]
[PlyCount "82"]
[EventDate "2005.09.24"]
[EventType "team-tourn"]
[EventRounds "9"]
[EventCountry "GER"]
[SourceTitle "EXT 2006"]
[Source "ChessBase"]
[SourceDate "2005.11.24"]
[SourceVersion "1"]
[SourceVersionDate "2005.11.24"]
[SourceQuality "1"]
[WhiteTeam "Emsdetten Rochade II"]
[BlackTeam "Berlin Klein Rheine II"]
[WhiteTeamCountry "GER"]
[BlackTeamCountry "GER"]

1. e4 c5 2. Nf3 e6 3. d4 cxd4 4. Nxd4 Nc6 5. Be3 a6 6. a3 Qc7 7. Nc3 b5 8. Be2 Nf6 9. f4 Nxd4 10. Qxd4 Bb7 11. 0-0 Rc8 12. Bf3 Bc5 13. Qxc5 Qxc5 14. Bxc5 Rxc5 15. Rad1 h5 16. e5 Bxf3 17. Rxf3 Ng4 18. Rfd3 d5 19. exd6 Kd7 20. Rg3 f5 21. h3 h4 22. Rgd3 Nf6 23. Rd4 Rhc8 24. a4 R8c6 25. axb5 axb5 26. Ra1 Nd5 27. Ra7+ Kxd6 28. Rxg7 b4 29. Nxd5 Rxd5 30. Rxd5+ Kxd5 31. c3 bxc3 32. bxc3 Rc4 33. Rd7+ Kc6 34. Rd4 Rxc3 35. Rd8 Rc4 36. Rc8+ Kd5 37. Rxc4 Kxc4 38. g4 Kd5 39. Kg2 e5 40. g5 e4 41. Kf2 Ke6 1/2-1/2